000 01558nam a2200469 i 4500
001 22118
003 KOSZ 005
005 20200507142935.0
008 000114s1980 pl a f f |000 0 pol
015 _aUWD 1981/4740
035 _a991012597249705066
035 _a(PL-WaBN)b13407314-48omnis_nlop
035 _ab13407314
035 _a(OCoLC)830199284
035 _a(PL)b0000001340731
035 _a(EXLNZ-48OMNIS_NETWORK)9910388340205606
040 _aWA N
_cWA N
_dKOSZ 005/HR
041 0 _apol
046 _k1980
080 _a681.5
080 _a(075.8)
100 1 _aBohdanowicz, Jan
_c(nauki techniczne)
_eAutor
245 1 0 _aTeoria sterowania.
_nCz.2 /
_cJan Bohdanowicz, Mikołaj Kostecki ; [Wyższa Szkoła Morska].
260 _aGdynia :
_bWydawnictwo Uczelniane WSM,
_c1980.
300 _a 245 s. :
_bil., tab., wykr. ;
_c21 cm.
336 _aTekst
_btxt
_2rdacontent
337 _aBez urządzenia pośredniczącego
_bn
_2rdamedia
338 _aWolumin
_bnc
_2rdacarrier
380 _aKsiążki
380 _aPublikacje dydaktyczne
385 _mPoziom nauczania
_aSzkoły wyzsze
388 _a1901-2000
388 _a1945-1989
504 _aBibliogr. przy rozdz.
650 7 _aTeoria sterowania
_2DBN
655 7 _aPodręczniki akademickie
_2DBN
658 _aInżynieria i technika
700 1 _aKostecki, Mikołaj
_d(1924-2009)
_eAutor
856 _uhttp://koha.tu.koszalin.pl/cgi-bin/koha/opac-detail.pl?biblionumber=22118
_zKatalog online BPK
942 _2UKD
_cKS
999 _c22118
_d22118